| 000 | 00756naa a22002537a 4500 | ||
|---|---|---|---|
| 001 | BR7602869 | ||
| 003 | BR-BrBNA | ||
| 005 | 20250714141732.0 | ||
| 007 | ta | ||
| 008 | 250630b bl.|||m| |||| 00| 0 por d | ||
| 040 |
_aBR-BrBNA _bpor _cBiblioteca Nacional de Agricultura |
||
| 041 | _a(Pt) | ||
| 072 |
_aP05 _b8905 _bG514 |
||
| 090 | _aP05 BR7602869 | ||
| 100 | 1 | _aBrosch, C.D. | |
| 100 | 1 | _aNucci, O. | |
| 245 | 1 | _aUso de carvao mineral no Brasil | |
| 500 | _aEnergia no Brasil Goldemberg, J. (ed.) Sao Paulo, SP (Brasil): 1976. p. 45-52 [10 ref.] (BR7602869-AMS) | ||
| 650 | _aRecurso energetico | ||
| 650 | _aCarvao mineral | ||
| 490 |
_aPublicacao ACIESP (Brazil) _vno. 2 |
||
| 942 |
_cAMS _2AGRIS |
||
| 909 |
_a202506 _bLúcia _c55 _dLúcia Elande |
||
| 999 |
_c332968 _d332968 |
||